ბათუმის შოთა რუსთაველის სახელმწიფო უნივერსიტეტის ბიბლიოთეკა

Аграрная наука №5 2017 (ბიბ.ჩანაწერი № 53993)

000 -LEADER
fixed length control field 00623nam a2200205Ia 4500
001 - CONTROL NUMBER
control field 21044
003 - CONTROL NUMBER IDENTIFIER
control field GE_BSU
008 - FIXED-LENGTH DATA ELEMENTS--GENERAL INFORMATION
fixed length control field 181216s||||||||xx |||||||||||||| ||und||
040 ## - CATALOGING SOURCE
Transcribing agency GE_BSU
245 ## - TITLE STATEMENT
Title Аграрная наука №5 2017
245 ## - TITLE STATEMENT
Remainder of title Научно-теоретический и производственный журнал
245 ## - TITLE STATEMENT
Statement of responsibility, etc. Гл. ред. Б.В. Виолин
260 ## - PUBLICATION, DISTRIBUTION, ETC.
Place of publication, distribution, etc. Москва
260 ## - PUBLICATION, DISTRIBUTION, ETC.
Date of publication, distribution, etc. 2017
300 ## - PHYSICAL DESCRIPTION
Extent 32 стр. 30см. илл.
653 ## - INDEX TERM--UNCONTROLLED
Uncontrolled term Аграрная наука №5 2017
653 ## - INDEX TERM--UNCONTROLLED
Uncontrolled term Периодика
653 ## - INDEX TERM--UNCONTROLLED
Uncontrolled term პერიოდიკა
942 ## - ADDED ENTRY ELEMENTS (KOHA)
Koha item type პერიოდიკა
ეგზემპლარები
Withdrawn status Lost status Damaged status Not for loan Date acquired Barcode Date last seen Price effective from Koha item type Public note
        2018-12-17 p 78585 2018-12-17 2018-12-17 პერიოდიკა პერიოდიკა